Obálka Náhled e-knihy:
PDF Epub
Pro půjčování e-knih musíte být přihlášeni.
Jak si půjčit online?

Sloužil jsem v Gaze /

Autor popisuje zážitky ze své služby v izraelské armádě v pásmu Gazy v průběhu devadesátých let minulého století.

Uloženo v:
Hlavní autor: Shorf, David (Autor)
Médium: E-kniha
Jazyk:Czech
Vydáno: V Brně : CPress, 2024
Vydání:1. vydání
Témata:
Tagy:
Žádné tagy
LEADER 03055nam a2200733 i 4500
001 312394
003 CZ PrSKC
005 20260601215722.0
007 ta
008 240527s2024 xr acf e 000 0acze
015 |a cnb003607876 
020 |a 9788026452485  |q (vázáno) :  |c Kč 399,00 
035 |a (OCoLC)1451769898 
040 |a BOA001  |b cze  |d OLA001  |d ABA001  |e rda 
043 |a a-is---  |a e-xr--- 
045 |a x9y0 
072 7 |a 355/359  |x Vojenství. Obrana země. Ozbrojené síly  |2 Konspekt 
072 7 |a 929  |x Biografie  |2 Konspekt 
080 |a 355.11  |2 MRF 
080 |a 070.42  |2 MRF 
080 |a 005.572-051  |2 MRF 
080 |a (=162.3)  |2 MRF 
080 |a 913:910.4  |2 MRF 
080 |a 929  |2 MRF 
080 |a 913(569.4)  |2 MRF 
080 |a (569.4)  |2 MRF 
080 |a (437.3)  |2 MRF 
080 |a (0:82-94)  |2 MRF 
080 |a (047.53)  |2 MRF 
100 1 |a Shorf, David  |7 xx0318603  |4 aut 
245 1 0 |a Sloužil jsem v Gaze /  |c David Shorf 
250 |a 1. vydání 
264 1 |a V Brně :  |b CPress,  |c 2024 
300 |a 229 stran, 8 nečíslovaných stran obrazových příloh :  |b barevné ilustrace, portréty ;  |c 22 cm 
336 |a text  |b txt  |2 rdacontent 
337 |a bez média  |b n  |2 rdamedia 
338 |a svazek  |b nc  |2 rdacarrier 
520 2 |a Autor popisuje zážitky ze své služby v izraelské armádě v pásmu Gazy v průběhu devadesátých let minulého století. 
600 1 7 |a Shorf, David  |7 xx0318603  |2 czenas 
648 7 |a 1991-2000  |7 ch460587  |2 czenas 
648 7 |a 20.-21. století  |7 ch462155  |2 czenas 
648 7 |a 21. století  |7 ch460559  |2 czenas 
650 0 7 |a vojáci  |7 ph127219  |z Česko  |y 1991-2000  |2 czenas 
650 0 7 |a novináři  |7 ph123339  |z Česko  |y 20.-21. století  |2 czenas 
650 0 7 |a koučové  |7 ph909382  |z Česko  |y 21. století  |2 czenas 
650 0 7 |a Češi  |7 ph128067  |z Izrael  |y 1991-2000  |2 czenas 
650 0 7 |a cesty a pobyt  |7 ph137578  |z Izrael  |y 1991-2000  |2 czenas 
650 0 9 |a soldiers  |z Czechia  |y 1991-2000  |2 eczenas 
650 0 9 |a journalists  |z Czechia  |y 20th-21st centuries  |2 eczenas 
650 0 9 |a personal coaches  |z Czechia  |y 21st century  |2 eczenas 
650 0 9 |a Czechs  |z Israel  |y 1991-2000  |2 eczenas 
650 0 9 |a travels and stays  |z Israel  |y 1991-2000  |2 eczenas 
651 7 |a Izrael  |7 ge129403  |x reálie  |y 1991-2000  |2 czenas 
651 9 |a Israel  |x description and travel  |y 1991-2000  |2 eczenas 
655 7 |a autobiografické vzpomínky  |7 fd131854  |2 czenas 
655 7 |a rozhovory  |7 fd133303  |2 czenas 
655 9 |a autobiographical reminiscences  |2 eczenas 
655 9 |a interviews  |2 eczenas 
900 |a ABA001  |b 19 
928 9 |a Albatros Media - CPress 
044 |a xr 
910 |a RBIT002 
998 |d 405112  |a https://core.palmknihy.cz/api/books/405112/cover?sdlvkn  |b https://core.palmknihy.cz/api/books/405112/cover/400?sdlvkn  |c https://core.palmknihy.cz/api/books/405112/cover/50?sdlvkn  |e 2034-12-31  |g 240  |i 9788026452485  |j https://core.palmknihy.cz/api/books/405112/preview.epub  |k https://core.palmknihy.cz/api/books/405112/preview.pdf  |l   |q 49  |r 1  |s https://www.palmknihy.cz/kniha/405112  |t ebook  |y 2024  |z 0 
999 |d 312392